Hóa kỹ thuật
Sách gồm 4 phần trình bày kỹ thuật tách chất, kỹ thuật tiến hành phản ứng, kỹ thuật vô cơ và hữu cơ.
Gespeichert in:
| 1. Verfasser: | |
|---|---|
| Format: | Buch |
| Sprache: | Undetermined |
| Veröffentlicht: |
Hà Nội
Khoa học và Kỹ thuật
2002
|
| Schlagworte: | |
| Tags: |
Tag hinzufügen
Keine Tags, Fügen Sie den ersten Tag hinzu!
|
| Thư viện lưu trữ: | Trung tâm Học liệu Trường Đại học Cần Thơ |
|---|
| LEADER | 00830nam a2200229Ia 4500 | ||
|---|---|---|---|
| 001 | CTU_51238 | ||
| 008 | 210402s9999 xx 000 0 und d | ||
| 020 | |b 52000 | ||
| 082 | |a 660.2 | ||
| 082 | |b Ch561 | ||
| 100 | |a Phạm, Nguyên Chương | ||
| 245 | 0 | |a Hóa kỹ thuật | |
| 245 | 0 | |c Phạm Nguyên Chương | |
| 260 | |a Hà Nội | ||
| 260 | |b Khoa học và Kỹ thuật | ||
| 260 | |c 2002 | ||
| 520 | |a Sách gồm 4 phần trình bày kỹ thuật tách chất, kỹ thuật tiến hành phản ứng, kỹ thuật vô cơ và hữu cơ. | ||
| 526 | |a Tổng hợp vô cơ,Hóa công nghệ và Hóa nông nghiệp | ||
| 526 | |b TN362,SP385 | ||
| 650 | |a Chemical engineering | ||
| 904 | |i Minh | ||
| 980 | |a Trung tâm Học liệu Trường Đại học Cần Thơ | ||